00410nam a2200133Ia 4500008004100000100001700041245005200058245003200110260001000142260000900152650002900161650002500190856006100215160216s9999 xx 000 0 und d aDijk van, K. aCleanliness and culture: Indonesian histories / cK. Dijk van, & J.G. Taylor. bBrill c2011 xCleanliness - Indonesia. xCulture - Indonesia. uhttp://www.oapen.org/download?type=document&docid=403202